Statistics for Film by Quote

Click here to take the quiz!

General Stats

  • This quiz has been taken 18 times
  • The average score is 14 of 22

Answer Stats

QuoteFilm% Correct
"Elementary, my dear Watson"Sherlock Holmes
100%
"May the force be with you"Star Wars
100%
" You're gonna need a bigger boat"Jaws
94%
" I'll be back"Terminator
88%
"My mama said life is like a box of chocolates, you never know what you gonna get"Forrest Gump
81%
"There's no place like home"The Wizard of Oz
81%
"I'm the king of the world!"Titanic
81%
" To infinity, and beyond!"Toy Story
81%
"Here's looking at you kid"Casablanca
75%
"It's alive, It's alive!"Frankenstein
69%
" Houston, we have a problem"Apollo 13
63%
" A martini, shaken not stirred"Goldfinger
63%
" I'll have what she's having"When Harry met Sally
63%
" There's no crying in baseball"A League of Their Own
56%
"Rosebud"Citizen Kane
56%
"Bond, James Bond"Dr No
50%
" Keep your friends close, but your enemies closer"The Godfather
50%
" Stella! Hey Stella!"A Streetcar named Desire
44%
"Just keep swimming"Finding Nemo
44%
" Roads? Where we going we don't need roads"Back to the Future
38%
"Snap out of it!"Moonstruck
13%
" The stuff that dreams are made of"The Maltese Falcon
13%

Score Distribution

Percentile by Number Answered

Percent of People with Each Score

Your Score History

You have not taken this quiz